Опрос про Казахстан - Statistics

General Stats
  • This quiz has been taken 541 times
  • The average score is 7 of 8
Answer Stats
Question Answer % Correct
Страны имеющие общую границу с Казахстаном Китай, Кыргызстан, Узбекистан, Россия, Туркменистан
99%
В состав какой страны входил Казахстан в 20 веке СССР
98%
В каком году Казахстан получил независимость? 1991
95%
В каком регионе Азии находится Казахстан Центральная азия
94%
В каком году произошел "Кровавый январь"? 2022
82%
Где произошли декабрьские события в 1986 году на территории Казахской ССР? Алматы
76%
Сколько людей погибло во время голодомора на территории Казахстана? (1930-1933) 1,5–2,3 миллионов человек
75%
Площадь Казахстана на момент 2024 года (км²) 2724,9 тыс. км²
49%
No matching quizzes found
Score Distribution
Percent of People with Each Score
Percentile by Number Answered
Your Score History
You have not taken this quiz